00351nam a2200133Ia 450000500170000000800410001702000180005808200130007610000160008924500530010526000290015830000130018765000170020020250516013303.0240331s9999 xx 000 0 und d a9789555030915 bJAYa294 aJayaweera,S 0aJatha kathawala :baparadha vidyathmaka lakshana aColombobNew Withiyadara a175 p ., aFolk Stories